LEADER 00943nam0-2200313---450 001 990009292670403321 005 20171026132123.0 035 $a000929267 035 $aFED01000929267 035 $a(Aleph)000929267FED01 035 $a000929267 100 $a20101207d1916----km-y0itay50------ba 101 0 $aita 102 $aIT 105 $ay-------001yy 200 1 $aDei sieri, vaccini e prodotti opoterapici I.S.M.$fLuigi Viganò, Alberto Orsi, Serafino Belfanti 210 $aMilano$cIstituto sieroterapico milanese$d1916 215 $aVI, 355 p.$d16 cm 610 0 $aVaccini 700 1$aViganò,$bLuigi$0509538 701 1$aOrsi,$bAlberto$0509539 701 1$aBelfanti,$bSerafino$0509540 801 0$aIT$bUNINA$gRICA$2UNIMARC 901 $aBK 912 $a990009292670403321 952 $a90 CCH MED. INF. 3$b838$fFMEBC 959 $aFMEBC 996 $aDei sieri, vaccini e prodotti opoterapici I.S.M$9770255 997 $aUNINA LEADER 01260nam--2200373---450- 001 990001182870203316 005 20031126141436.0 010 $a88-238-5012-6 035 $a000118287 035 $aUSA01000118287 035 $a(ALEPH)000118287USA01 035 $a000118287 100 $a20031002d2003----km-y0enga50------ba 101 0 $aita 102 $aIT 105 $aa---z---001yy 200 1 $aGrandi aree e stazioni ferroviarie$eattori, strategie, pratiche di trasformazione urbana$fNatalicchio Savino, Luca Tamini$gpresentazione di Pier Luigi Bersani 210 $aMilano$cEgea$d2003 215 $aXI, 209 p.$cill.$d24 cm 606 0 $aStazioni ferroviarie$xRiqualificazione$xProgetti 610 0 $aAree dismesse$xRiqualificazione$xProgetti 676 $a711.5 700 1$aNATALICCHIO,$bSavino$0496582 701 1$aTAMINI,$bLuca$0422758 801 0$aIT$bsalbc$gISBD 912 $a990001182870203316 951 $a711.5 NAT(A)$b17515 Ing.$c711.5$d00088363 959 $aBK 979 $aMARIA$b10$c20031002$lUSA01$h0919 979 $aANGELA$b90$c20031126$lUSA01$h1411 979 $aANGELA$b90$c20031126$lUSA01$h1414 979 $aPATRY$b90$c20040406$lUSA01$h1725 996 $aGrandi aree e stazioni ferroviarie$9751598 997 $aUNISA LEADER 01400nam 2200433 a 450 001 9910691068503321 005 20050728130715.0 035 $a(CKB)5470000002343667 035 $a(OCoLC)46326652 035 9 $aocm46326652 035 $a(OCoLC)995470000002343667 035 $a(EXLCZ)995470000002343667 100 $a20010226d2001 ua 0 101 0 $aeng 181 $ctxt$2rdacontent 182 $cn$2rdamedia 183 $anc$2rdacarrier 200 10$aFood stamp program $estates seek to reduce payment errors and program complexity : report to the Secretary of Agriculture /$fUnited States General Accounting Office 210 1$aWashington, D.C. :$cThe Office,$d[2001] 215 $a36 pages $cillustrations ;$d28 cm 300 $a"GAO-01-272." 300 $a"January 2001." 300 $aCover title. 300 $aNot distributed to depository libraries in a physical form. 320 $aIncludes bibliographical references. 517 $aFood stamp program 606 $aFood stamp fraud$zUnited States 606 $aFood stamps$zUnited States 606 $aFood stamps$zUnited States$xAccounting 615 0$aFood stamp fraud 615 0$aFood stamps 615 0$aFood stamps$xAccounting. 801 0$bAGL 801 1$bAGL 801 2$bGPO 906 $aBOOK 912 $a9910691068503321 996 $aFood Stamp Program$93426048 997 $aUNINA LEADER 02328nam0 2200481 i 450 001 UFI0383331 005 20251003044429.0 010 $a8815084088 020 $aIT$b2003-3057 100 $a20020510d2002 ||||0itac50 ba 101 | $aita 102 $ait 181 1$6z01$ai $bxxxe 182 1$6z01$an 183 1$6z01$anc$2RDAcarrier 200 1 $aStoria dell'industria in Italia$euomini, imprese e prodotti$fNicola Crepax 210 $aBologna$cIl mulino$d\2002! 215 $a442 p.$d22 cm. 225 | $aˆLe ‰vie della civiltà 410 0$1001CFI0025045$12001 $aˆLe ‰vie della civiltà 606 $aItalia$xIndustria$xSec. 20.$2FIR$3CFIC130204$9I 676 $a338.0945$9$v12 676 $a338.0945$9Economia. Produzione. Italia$v14 676 $a338.0945$9PRODUZIONE. Storia. Italia$v19 676 $a338.0945$9PRODUZIONE. Italia$v21 676 $a338.70945$9IMPRESE E LORO STRUTTURA. ITALIA$v20 676 $a338.70945$9IMPRESE. ITALIA$v21 686 $aSe.i.0$cStoria dell'economia italiana. Opere generali$2F 686 $aSe.i.13.10$cStoria dell'economia italiana. 1948-1962. Lo sviluppo industriale$2F 686 $aSe.i.14.2.2$cStoria dell'economia italiana. 1963-1975. L'industria$2F 686 $aSe.i.7.4.3$cStoria dell'economia italiana. 1860-1914. Lo sviluppo industriale$2F 700 1$aCrepax$b, Nicola$3LO1V195155$4070$0145643 801 3$aIT$bIT-000000$c20020510 850 $aIT-BN0095 $aIT-SA0002 $aIT-AV0011 $aIT-NA0452 901 $bNAP AH$cSALASTUDIO$nEx sala studio, ora secondo piano 901 $bNAP AE$cECONOMIA $n$ 901 $bNAP IS$cISSM $nSezione di studi sociali dell'attuale Istituto di studi sulle società del Mediterraneo 901 $bNAP 01$cPOZZO LIB.$nVi sono collocati fondi di economia, periodici di ingegneria e scienze, periodici di economia e statistica e altri fondi comprendenti documenti di economia pervenuti in dono. 912 $aUFI0383331 950 0$aBiblioteca Centralizzata di Ateneo$c1 v.$d 01POZZO LIB.ECON MON 1386$e 0101 0000203625E VMA 1 v. (Precedente collocazione: DASES B 1579)$fB $h20091218$i20091218 977 $a 01$a AE$a AH$a IS 996 $aStoria dell'industria in Italia$969247 997 $aUNISANNIO